GLP-1 kuchařka /
Revoluční léky na hubnutí si žádají revoluční kuchařku. Tato kniha sestavená známým obezitologem vznikla speciálně pro uživatele GLP-1 léčby a nabízí recepty, které zasytí, ochrání svaly a respektují změny chutí typické při užívání těchto léků. Vysokoproteinová, nízkoobjemová jídla pomáhají hubnout...
Uloženo v:
| Hlavní autor: | |
|---|---|
| Médium: | E-kniha |
| Jazyk: | Czech |
| Vydáno: |
Praha :
Albatros Media a.s.,
2026
|
| Tagy: |
Žádné tagy |
| LEADER | 01385nam a22002297i 4500 | ||
|---|---|---|---|
| 001 | 303691 | ||
| 007 | ta | ||
| 008 | 260521s2026 xr ||||| |||| 00| 0 cze d | ||
| 020 | |a 9788026459897 | ||
| 044 | |a xr | ||
| 100 | 1 | |a Machytka, Evžen |4 aut | |
| 245 | 1 | 0 | |a GLP-1 kuchařka / |c Machytka, Evžen |
| 264 | 1 | |a Praha : |b Albatros Media a.s., |c 2026 | |
| 300 | |a 1 online zdroj (208 stran) | ||
| 336 | |a text |b txt |2 rdacontent | ||
| 337 | |a bez média |b n |2 rdamedia | ||
| 338 | |a online zdroj |b cr |2 rdacarrier | ||
| 520 | 2 | |a Revoluční léky na hubnutí si žádají revoluční kuchařku. Tato kniha sestavená známým obezitologem vznikla speciálně pro uživatele GLP-1 léčby a nabízí recepty, které zasytí, ochrání svaly a respektují změny chutí typické při užívání těchto léků. Vysokoproteinová, nízkoobjemová jídla pomáhají hubnout bezpečně a udržitelně. Úvodní kapitola navíc přehledně vysvětluje, jak GLP-1 fungují a jak z nich získat maximální benefit. | |
| 910 | |a RBIT002 | ||
| 998 | |d 427294 |a https://core.palmknihy.cz/api/books/427294/cover?tfc4r2 |b https://core.palmknihy.cz/api/books/427294/cover/400?tfc4r2 |c https://core.palmknihy.cz/api/books/427294/cover/50?tfc4r2 |e 2036-12-31 |g 208 |i 9788026459897 |k https://core.palmknihy.cz/api/books/427294/preview.pdf |l |q 49 |r 1 |s https://www.palmknihy.cz/kniha/427294 |t ebook |y 2026 |z 1 | ||
| 999 | |d 303689 | ||